000 00232nam a22000857a 4500
999 _c509387
_d509387
100 _aGovernment of Tripura
_95117
245 _aTripura winning awards and recognitions
260 _aAgartala
_bGovernment of Tripura
_c2012
300 _a24p.